[Event "Titled Tuesday intern op 16th Aug Early"]
[Site "Chess.com INT"]
[Date "2022.08.16"]
[Round "2"]
[White "Timofeev, Artyom"]
[Black "Vachylya, Andriy"]
[Result "0-1"]
[WhiteElo "2564"]
[BlackElo "2274"]
[PlyCount "120"]
[EventDate "2022.08.16"]
[EventType "swiss (blitz)"]
[EventRounds "11"]
[EventCountry "USA"]
[SourceTitle "EXT 2023"]
[Source "ChessBase"]
[SourceDate "2022.10.05"]
[SourceVersion "1"]
[SourceVersionDate "2022.10.05"]
[SourceQuality "1"]

1. e4 c5 2. Nc3 d6 3. Nf3 Nf6 4. Bc4 e6 5. 0-0 Be7 6. Re1 0-0 7. d3 Nc6 8. Bb3 a6 9. Bf4 b5 10. a4 b4 11. Ne2 d5 12. Ng3 Bb7 13. Bg5 h6 14. Bf4 Na5 15. Qe2 Rc8 16. exd5 Nxb3 17. cxb3 Bxd5 18. Nd2 Bd6 19. Be5 Bxe5 20. Qxe5 Nd7 21. Qe3 Qf6 22. Rab1 Rfd8 23. Nge4 Qe7 24. Nc4 Nb8 25. Nb6 Rc6 26. Nc4 Rcc8 27. Rbc1 Qc7 28. a5 Bxc4 29. Rxc4 Nd7 30. d4 cxd4 31. Qxd4 Qe5 32. Rxc8 Qxd4 33. Rxd8+ Kh7 34. h3 Qd5 35. h4 Kg6 36. Ng3 Qc6 37. h5+ Kh7 38. Rd1 Nf6 39. Rb8 Qc5 40. Ra8 Qxa5 41. Rdd8 g5 42. hxg6+ Kxg6 43. Rd1 Qa2 44. Nf1 Qxb3 45. Ne3 Nd5 46. Re1 Nf6 47. Rxa6 Qxb2 48. Rb6 b3 49. Nc4 Qc3 50. Ne5+ Kg7 51. Nf3 Nd5 52. Rb7 Nb4 53. Rb1 b2 54. Kh2 Nd3 55. Rd1 Nxf2 56. Rdd7 Qf6 57. Rd2 Ng4+ 58. Kg1 Qc3 59. Rdxb2 Qc1+ 60. Ne1 Qxe1# 0-1

[Event "Titled Tuesday intern op 16th Aug Early"]
[Site "Chess.com INT"]
[Date "2022.08.16"]
[Round "1"]
[White "Vachylya, Andriy"]
[Black "Avalos Parra, Joao"]
[Result "1-0"]
[WhiteElo "2274"]
[BlackElo "2193"]
[PlyCount "67"]
[EventDate "2022.08.16"]
[EventType "swiss (blitz)"]
[EventRounds "11"]
[EventCountry "USA"]
[SourceTitle "EXT 2023"]
[Source "ChessBase"]
[SourceDate "2022.10.05"]
[SourceVersion "1"]
[SourceVersionDate "2022.10.05"]
[SourceQuality "1"]

1. e4 e5 2. Nf3 Nc6 3. Bb5 a6 4. Ba4 Nf6 5. 0-0 b5 6. Bb3 Bc5 7. c3 d6 8. d4 Bb6 9. h3 0-0 10. Re1 Bb7 11. Bg5 h6 12. Bh4 Re8 13. d5 Nb8 14. Nbd2 Nbd7 15. Bc2 c6 16. dxc6 Bxc6 17. Nf1 Qc7 18. Ne3 Rad8 19. Nd5 Bxd5 20. exd5 Qb7 21. Bb3 Rc8 22. Qd2 Nh5 23. Rad1 Nf4 24. Bg3 Ng6 25. h4 Nc5 26. Bc2 Nf8 27. h5 Qe7 28. Nh4 Qf6 29. Nf5 Qd8 30. Bh4 Qc7 31. Bf6 gxf6 32. Qxh6 Nfe6 33. dxe6 Nxe6 34. Rd3 1-0

[Event "Titled Tuesday intern op 16th Aug Early"]
[Site "Chess.com INT"]
[Date "2022.08.16"]
[Round "3"]
[White "Vachylya, Andriy"]
[Black "Lobanov, Sergei"]
[Result "1-0"]
[WhiteElo "2274"]
[BlackElo "2531"]
[PlyCount "85"]
[EventDate "2022.08.16"]
[EventType "swiss (blitz)"]
[EventRounds "11"]
[EventCountry "USA"]
[SourceTitle "EXT 2023"]
[Source "ChessBase"]
[SourceDate "2022.10.05"]
[SourceVersion "1"]
[SourceVersionDate "2022.10.05"]
[SourceQuality "1"]

1. e4 e5 2. Nf3 Nc6 3. d4 exd4 4. Bc4 Nf6 5. e5 Ne4 6. Qe2 Nc5 7. c3 dxc3 8. Nxc3 Be7 9. 0-0 0-0 10. Bf4 d6 11. Rad1 Bg4 12. Nb5 Ne6 13. Bg3 a6 14. exd6 cxd6 15. Bxe6 Bxf3 16. gxf3 axb5 17. Bd5 Bf6 18. Qxb5 Nd4 19. Qxb7 Rb8 20. Qa6 Rb6 21. Qc4 Nf5 22. b4 h5 23. a4 h4 24. Bf4 Bg5 25. a5 Rb8 26. a6 Rc8 27. Qe4 Qf6 28. a7 h3 29. Kh1 Nh4 30. Bxg5 Qxg5 31. Rg1 Qf6 32. a8Q Rxa8 33. Bxa8 g6 34. b5 Rc8 35. Bd5 Kg7 36. b6 Rb8 37. b7 Ng2 38. Ra1 Qb2 39. Ra8 Rxb7 40. Bxb7 Qxf2 41. Qe8 Kf6 42. Qh8+ Kg5 43. Qxh3 1-0

[Event "Titled Tuesday intern op 16th Aug Early"]
[Site "Chess.com INT"]
[Date "2022.08.16"]
[Round "10"]
[White "Vakhlamov, Igor L"]
[Black "Vachylya, Andriy"]
[Result "1-0"]
[WhiteElo "2413"]
[BlackElo "2274"]
[PlyCount "31"]
[EventDate "2022.08.16"]
[EventType "swiss (blitz)"]
[EventRounds "11"]
[EventCountry "USA"]
[SourceTitle "EXT 2023"]
[Source "ChessBase"]
[SourceDate "2022.10.05"]
[SourceVersion "1"]
[SourceVersionDate "2022.10.05"]
[SourceQuality "1"]

1. e4 c5 2. Nf3 d6 3. Nc3 Nf6 4. d4 cxd4 5. Qxd4 Nc6 6. Bb5 Bd7 7. Bxc6 Bxc6 8. Bg5 e6 9. 0-0-0 Be7 10. Rhe1 0-0 11. e5 dxe5 12. Nxe5 Qc8 13. Qh4 Re8 14. Rd3 b5 15. Rg3 Kf8 16. Bh6 1-0

[Event "Titled Tuesday intern op 02nd Aug Early"]
[Site "Chess.com INT"]
[Date "2022.08.02"]
[Round "10"]
[White "Seo, Jung Min"]
[Black "Vachylya, Andriy"]
[Result "1-0"]
[WhiteElo "2514"]
[BlackElo "2274"]
[PlyCount "77"]
[EventDate "2022.08.02"]
[EventType "swiss (blitz)"]
[EventRounds "11"]
[EventCountry "USA"]
[SourceTitle "EXT 2023"]
[Source "ChessBase"]
[SourceDate "2022.10.05"]
[SourceVersion "1"]
[SourceVersionDate "2022.10.05"]
[SourceQuality "1"]

1. d4 Nf6 2. c4 e6 3. Nf3 b6 4. g3 Bb7 5. Bg2 Be7 6. 0-0 d5 7. Ne5 0-0 8. Nc3 Re8 9. Re1 h6 10. Rb1 Na6 11. a3 c5 12. dxc5 Nxc5 13. cxd5 exd5 14. Nf3 Nfe4 15. Nb5 Bf6 16. Be3 Qd7 17. Nbd4 Rac8 18. Nd2 Nd6 19. N2f3 Nc4 20. Bc1 Ne4 21. e3 g5 22. h3 h5 23. Ra1 Bg7 24. Nh2 h4 25. g4 Ba6 26. Nhf3 Ne5 27. Nxe5 Bxe5 28. Nf5 Bb8 29. Qd4 Be5 30. Qd1 Qc7 31. Bxe4 dxe4 32. Bd2 Rcd8 33. Qa4 Rxd2 34. Qxe8+ Kh7 35. Rac1 Bc4 36. Ne7 Bh2+ 37. Kh1 Rxf2 38. Qg8+ Kh6 39. Qh8# 1-0

[Event "Titled Tuesday intern op 26th Jul Early"]
[Site "Chess.com INT"]
[Date "2022.07.26"]
[Round "5"]
[White "Melaugh, Shanemelaugh"]
[Black "Vachylya, Andriy"]
[Result "0-1"]
[WhiteElo "2093"]
[BlackElo "2274"]
[PlyCount "74"]
[EventDate "2022.07.26"]
[EventType "swiss (blitz)"]
[EventRounds "11"]
[EventCountry "USA"]
[SourceTitle "EXT 2023"]
[Source "ChessBase"]
[SourceDate "2022.10.05"]
[SourceVersion "1"]
[SourceVersionDate "2022.10.05"]
[SourceQuality "1"]

1. c4 Nf6 2. Nc3 e5 3. Nf3 Nc6 4. e4 Bc5 5. Nxe5 Nxe5 6. d4 Bd6 7. dxe5 Bxe5 8. Bd3 0-0 9. 0-0 Re8 10. Qc2 d6 11. h3 b6 12. Bg5 h6 13. Bh4 Bb7 14. Nd5 Bxd5 15. exd5 g5 16. Bg3 Bxg3 17. fxg3 Nd7 18. Bh7+ Kh8 19. Rxf7 Ne5 20. Raf1 Re7 21. Rxe7 Qxe7 22. Bf5 Rf8 23. b3 a5 24. g4 Qf6 25. Rf2 Kg7 26. a3 Qf7 27. Re2 Qe7 28. Qb2 Kg8 29. Be6+ Kh8 30. b4 axb4 31. axb4 Qf6 32. Qc1 Nd3 33. Qd1 Nf4 34. Re3 Ra8 35. Bf5 Ra1 36. Bb1 Qb2 37. Rb3 Qxg2# 0-1